Cities in the Netherlands - Sudden Death - Statistics

General Stats
  • This quiz has been taken 72 times
    26 since last reset
  • The average score is 14 of 27
Answers on the Grid
Answers color-coded by a green-red scale on the quiz's grid according to % correct below.
Diest
Gel
Dordrecht
Kassel
Amersfoort
Valkenswaard
Ninove
Brugge
Den Haag
Tilburg
Emmerich am Rhein
's-Hertogenbosch
Bottrop
Amsterdam
Papenburg
Drachten
Kortrijk
Eindhoven
Terneuzen
Baarle-Nassau
Almelo
Zevenaar
Lengerich
Nijmegen
Verviers
Hoogstraten
Utrecht
Roosendaal
Bergen op Zoom
Tongeren
Middelburg
Zutphen
Maastricht
Knokke-Heist
Helmond
Groningen
Essen
Mechelen
Hasselt
Rotterdam
Gerardsbergen
Stendal
Lelystad
Gauda
Genk
Arnhem
Nettetal
Kevelaer
Zwolle
Nordhorn
 
Answer Stats
Answer % Correct
Amersfoort
93%
Den Haag
93%
Amsterdam
86%
Dordrecht
79%
's-Hertogenbosch
79%
Tilburg
79%
Eindhoven
71%
Nijmegen
64%
Almelo
50%
Drachten
50%
Groningen
50%
Maastricht
50%
Rotterdam
50%
Utrecht
50%
Valkenswaard
50%
Zwolle
50%
Arnhem
43%
Roosendaal
43%
Zutphen
43%
Baarle-Nassau
36%
Bergen op Zoom
36%
Helmond
36%
Middelburg
36%
Zevenaar
36%
Lelystad
29%
Terneuzen
29%
Gauda
14%
No matching quizzes found
Score Distribution
Percent of People with Each Score
Percentile by Number Answered
Your Score History
You have not taken this quiz since the last reset